| 000 | 00663cam a22002417a 4500 | ||
|---|---|---|---|
| 001 | 001422 | ||
| 003 | armpunfd | ||
| 005 | 20140612090639.0 | ||
| 008 | 040213e0####xx#a##########000#0#und#d | ||
| 040 |
_aarmpunfd _carmpunfd |
||
| 080 | _a347.82 F 689 | ||
| 100 | 1 | 0 | _a Mercado, Angel R. |
| 245 | 1 | 0 | _aJurisprudencia aeronautica argentina |
| 260 |
_a Uenos Aires : Eudeba _b1968. 296 P. |
||
| 650 | 7 |
_a Derecho Aeronautico _2LEMB |
|
| 700 | 1 | 0 | _aFoglia, Ricardo A. |
| 700 | 1 | 0 | _aMellone, Eugenio |
| 942 |
_cLB _2cdu |
||
| 945 |
_aCatalis _d2010-08-19 |
||
| 945 |
_aCatalis _d2010-08-19 |
||
| 945 |
_aCatalis _d2010-08-19 |
||
| 945 |
_aCatalis _d2010-08-19 |
||
| 999 |
_c1413 _d231917 |
||